ARRUPE JESUIT UNIVERSITY

CORONAVIRUS -STOP THE SPREAD - CLEAN,DISINFECT,COVER

Exploring phenomenology: (Record no. 60628)

MARC details
000 -LEADER
fixed length control field 00848cam a2200253 4500
001 - CONTROL NUMBER
control field 3622363
003 - CONTROL NUMBER IDENTIFIER
control field ARRUPE
005 - DATE AND TIME OF LATEST TRANSACTION
control field 20170801121514.0
008 - FIXED-LENGTH DATA ELEMENTS--GENERAL INFORMATION
fixed length control field 740122s1974 ilu b 001 0 eng
010 ## - LIBRARY OF CONGRESS CONTROL NUMBER
LC control number 74001040
020 ## - INTERNATIONAL STANDARD BOOK NUMBER
International Standard Book Number 0838901778
040 ## - CATALOGING SOURCE
Original cataloging agency DLC
Transcribing agency DLC
Modifying agency DLC
050 00 - LIBRARY OF CONGRESS CALL NUMBER
Classification number B829.5
Item number .S67
082 00 - DEWEY DECIMAL CLASSIFICATION NUMBER
Classification number 142/.7
300 ## - PHYSICAL DESCRIPTION
Dimensions 24 cm.
100 1# - MAIN ENTRY--PERSONAL NAME
Personal name Stewart, David,
Dates associated with a name 1938-
9 (RLIN) 34214
245 10 - TITLE STATEMENT
Title Exploring phenomenology:
Remainder of title a guide to the field and its literature
Statement of responsibility, etc [by] David Stewart and Algis Mickunas.
260 ## - PUBLICATION, DISTRIBUTION, ETC. (IMPRINT)
Place of publication, distribution, etc Chicago,
Name of publisher, distributor, etc American Library Association,
Date of publication, distribution, etc 1974.
300 ## - PHYSICAL DESCRIPTION
Extent ix, 165 p.
504 ## - BIBLIOGRAPHY, ETC. NOTE
Bibliography, etc Includes bibliographies.
650 #0 - SUBJECT ADDED ENTRY--TOPICAL TERM
Topical term or geographic name as entry element Phenomenology.
9 (RLIN) 34215
650 #0 - SUBJECT ADDED ENTRY--TOPICAL TERM
Topical term or geographic name as entry element Phenomenology
Form subdivision Bibliography.
9 (RLIN) 34216
700 1# - ADDED ENTRY--PERSONAL NAME
Personal name Mickunas, Algis,
Relator term joint author.
9 (RLIN) 34217
906 ## - LOCAL DATA ELEMENT F, LDF (RLIN)
a 7
b cbc
c orignew
d 1
e ocip
f 19
g y-gencatlg
942 ## - ADDED ENTRY ELEMENTS (KOHA)
Source of classification or shelving scheme Library of Congress Classification
Koha item type Monograph ( Printed materials)
Holdings
Withdrawn status Lost status Source of classification or shelving scheme Damaged status Not for loan Collection code Home library Current library Shelving location Date acquired Total Checkouts Full call number Barcode Date last seen Date checked out Copy number Price effective from Koha item type
    Library of Congress Classification     Main Collection ARRUPE LIBRARY ARRUPE LIBRARY   05/03/2013 8 B829.5.S67 46003093093 13/08/2015 14/01/2015 1 05/03/2013 Monograph ( Printed materials)

 

Arrupe Library. PO Box MP320 Mt Pleasant, Harare, Zimbabwe
263 242 745411|librarian@aju.ac.zw